| 000 | 00756cam a22002533a 4500 | ||
|---|---|---|---|
| 001 | 33143 | ||
| 003 | PGUSA | ||
| 005 | 20140828083721.0 | ||
| 008 | 100712s2010||||xxu|||||s|||||000 1 eng d | ||
| 040 |
_aPGUSA _beng |
||
| 042 | _adc | ||
| 050 | 4 | _aPS | |
| 100 | 1 |
_aWoolson, Constance Fenimore, _d1840-1894 |
|
| 245 | 1 | 0 |
_aEast Angels : _bA Novel _h[electronic resource] / _cConstance Fenimore Woolson |
| 260 |
_bProject Gutenberg, _c2010 |
||
| 506 | _aPublic domain in the USA. | ||
| 516 | _aElectronic text | ||
| 653 | _aMarried women -- Fiction | ||
| 653 | _aTriangles (Interpersonal relations) -- Fiction | ||
| 653 | _aFlorida -- Fiction | ||
| 830 | 0 |
_aProject Gutenberg _v33143 |
|
| 856 | 4 | 0 | _uhttp://www.gutenberg.org/ebooks/33143 |
| 942 | _cEB | ||
| 999 |
_c262398 _d262398 |
||